[Event "Macieja Memorial"]
[Site "Warsaw POL"]
[Date "2022.07.08"]
[Round "11.30"]
[White "Reshetniak, Vitaliy"]
[Black "Kutowski, Marcel"]
[Result "1-0"]
[WhiteElo "2053"]
[BlackElo "1802"]
[EventDate "????.??.??"]
[PlyCount "61"]

1.d4 Nf6 2.c4 e6 3.Nc3 Bb4 4.Qc2 O-O 5.e4 d5 6.e5 Ne4 7.Bd3 c5 8.Nf3 cxd4 
9.Nxd4 Nd7 10.Bf4 Qh4 11.g3 Qh5 12.O-O g5 13.cxd5 Bxc3 14.bxc3 exd5 15.Be3 Nxe5 
16.f3 Nxd3 17.Qxd3 Nc5 18.Qd2 Bh3 19.Rf2 f6 20.g4 Qg6 21.Nf5 Rfe8 22.Bxc5 h5 
23.Ne7+ Rxe7 24.Bxe7 Re8 25.Re1 hxg4 26.fxg4 Bxg4 27.Qxd5+ Kh7 28.Qe4 f5 
29.Qxb7 Kh6 30.Qd5 f4 31.Bxg5+ 1-0

[Event "Macieja Memorial"]
[Site "Warsaw POL"]
[Date "2022.07.08"]
[Round "11.31"]
[White "Pires, Emanuel Joao Robarts"]
[Black "Hryszkiewicz, Michal"]
[Result "1/2-1/2"]
[WhiteElo "2037"]
[BlackElo "1787"]
[EventDate "????.??.??"]
[PlyCount "82"]

1.f4 d5 2.e3 e6 3.Nf3 c6 4.b3 f5 5.Bb2 Nf6 6.Nc3 Bd6 7.Ne2 Nbd7 8.d3 O-O 9.Ng3 
b6 10.Be2 Bb7 11.O-O Bc5 12.Qd2 Ng4 13.Nd4 Qe7 14.Bxg4 fxg4 15.Rae1 Nf6 16.f5 
e5 17.Ne6 Bd6 18.e4 Rfe8 19.Qg5 Bc8 20.Rf2 Bxe6 21.fxe6 Qxe6 22.Nf5 Bf8 23.exd5 
cxd5 24.Bxe5 Kh8 25.Rfe2 Qd7 26.Nxg7 Bxg7 27.Bxf6 Rxe2 28.Rxe2 Rg8 29.Bxg7+ 
Qxg7 30.Qxg7+ Rxg7 31.Re5 Rd7 32.Kf2 Kg7 33.Kg3 Kf6 34.Re8 Rg7 35.Rd8 Ke6 
36.Kf4 Rg6 37.Re8+ Kd6 38.d4 h5 39.Re5 Rf6+ 40.Kg3 Rh6 41.Kh4 Rf6 1/2-1/2

[Event "Macieja Memorial"]
[Site "Warsaw POL"]
[Date "2022.07.08"]
[Round "11.32"]
[White "Zalega, Maciej"]
[Black "Smieszek, Wojciech"]
[Result "0-1"]
[WhiteElo "1748"]
[BlackElo "2034"]
[EventDate "????.??.??"]
[PlyCount "144"]

1.e4 c5 2.Nf3 g6 3.d4 cxd4 4.Nxd4 Nc6 5.c4 Nf6 6.Nc3 Nxd4 7.Qxd4 d6 8.Be3 Bg7 
9.Be2 O-O 10.Qd2 a5 11.O-O a4 12.Rad1 Qa5 13.Bd4 Be6 14.b3 axb3 15.axb3 Rfc8 
16.f4 Qb4 17.f5 Bd7 18.Bxf6 Bxf6 19.Nd5 Qxb3 20.Nxf6+ exf6 21.Qxd6 Qe3+ 22.Kh1 
Qxe2 23.Qxd7 Rd8 24.Qxd8+ Rxd8 25.Rxd8+ Kg7 26.Rdd1 Qxc4 27.fxg6 hxg6 28.Rde1 
Qd4 29.h3 b5 30.Rf3 Qd2 31.Ree3 b4 32.Kg1 Qd4 33.Kh2 Kf8 34.Kh1 Ke7 35.Rd3 Qa1+ 
36.Kh2 Qe5+ 37.Kh1 Ke6 38.Rfe3 Qa1+ 39.Kh2 Ke5 40.Rb3 Qd4 41.Kg3 Qd2 42.Rbd3 
Qc1 43.Rb3 Qc5 44.Rbd3 Qb6 45.Rb3 Ke6 46.Rbd3 Ke7 47.Rb3 Kf8 48.Kh2 Kg7 49.Rf3 
Kh6 50.Rbe3 Kg5 51.Rg3+ Kf4 52.Rgf3+ Ke5 53.Kg3 g5 54.Rf5+ Ke6 55.Rff3 Qd4 
56.Rd3 Qe5+ 57.Kf2 Qb2+ 58.Kg3 Qc1 59.Rb3 Qe1+ 60.Kh2 Ke5 61.Rbe3 g4 62.hxg4 
Qh4+ 63.Kg1 Qxg4 64.Kf2 Qh4+ 65.Ke2 Kd4 66.Kf1 Qh1+ 67.Kf2 Qc1 68.Rb3 Ke5 
69.Rbe3 Qd2+ 70.Kg3 Kd4 71.Rb3 Kxe4 72.Rxf6 Qg5+ 0-1

[Event "Macieja Memorial"]
[Site "Warsaw POL"]
[Date "2022.07.08"]
[Round "11.33"]
[White "Padalka, Artem"]
[Black "Kazmierowski, Tymon"]
[Result "1/2-1/2"]
[WhiteElo "2010"]
[BlackElo "1749"]
[EventDate "????.??.??"]
[PlyCount "84"]

1.c4 Nf6 2.g3 e6 3.Bg2 d5 4.Nf3 Be7 5.O-O O-O 6.d3 c6 7.Qc2 b6 8.e4 Bb7 9.Nc3 
d4 10.Ne2 c5 11.b4 Nbd7 12.a4 e5 13.a5 cxb4 14.a6 Bc6 15.Bd2 b5 16.Nh4 bxc4 
17.Qxc4 Rc8 18.Nf5 Bxe4 19.Qxc8 Bxf5 20.Qxd8 Rxd8 21.Nc1 Rb8 22.f4 Bg6 23.f5 
Bh5 24.h3 b3 25.g4 b2 26.Rb1 bxc1=Q 27.Rxb8+ Nxb8 28.Rxc1 Nxa6 29.Rc8+ Bf8 
30.gxh5 h6 31.Bb7 Nc5 32.Bb4 Ncd7 33.Bc6 g6 34.hxg6 fxg6 35.fxg6 h5 36.Ra8 Kg7 
37.Bxf8+ Nxf8 38.Rxa7+ Kxg6 39.Kf2 Ne6 40.Kg3 Nf4 41.Be4+ Nxe4+ 42.dxe4 d3 1/2-1/2

[Event "Macieja Memorial"]
[Site "Warsaw POL"]
[Date "2022.07.08"]
[Round "11.34"]
[White "Redzisz, Michal"]
[Black "Chiszko, Oskar"]
[Result "1-0"]
[WhiteElo "1984"]
[BlackElo "1694"]
[EventDate "????.??.??"]
[PlyCount "99"]

1.d4 Nf6 2.c4 g6 3.g3 Bg7 4.Bg2 O-O 5.Nc3 d6 6.Nf3 Nc6 7.O-O a6 8.Qc2 Bf5 9.e4 
Bg4 10.Be3 Nd7 11.Rad1 e5 12.d5 Bxf3 13.Bxf3 Nd4 14.Bxd4 exd4 15.Ne2 d3 16.Rxd3 
Ne5 17.Rb3 b6 18.Bg2 f5 19.exf5 gxf5 20.Nf4 Qe7 21.Ne6 Rf7 22.f4 Ng4 23.h3 Nf6 
24.Re1 Nh5 25.Kh2 Bh8 26.Qd1 Nf6 27.Ng5 Qf8 28.Nxf7 Qxf7 29.Re6 Re8 30.Rbe3 
Rxe6 31.Rxe6 Nd7 32.Qe2 Bf6 33.b4 a5 34.a3 axb4 35.axb4 Kg7 36.Bf3 Nf8 37.Re8 
Ng6 38.Qe6 Qxe6 39.dxe6 d5 40.Bxd5 Be7 41.Rc8 Bd6 42.c5 bxc5 43.bxc5 Bxc5 
44.Rxc7+ Be7 45.Kg2 Kf6 46.Kf3 Nf8 47.g4 fxg4+ 48.hxg4 Ng6 49.g5+ Kf5 50.Be4+ 1-0

[Event "Macieja Memorial"]
[Site "Warsaw POL"]
[Date "2022.07.08"]
[Round "11.35"]
[White "Dalkowski, Rafal"]
[Black "Czernek, Tymon"]
[Result "1-0"]
[WhiteElo "1738"]
[BlackElo "1973"]
[EventDate "????.??.??"]
[PlyCount "153"]

1.d4 Nf6 2.c4 g6 3.Nc3 Bg7 4.e4 d6 5.Be2 O-O 6.Bg5 h6 7.Be3 e5 8.d5 a5 9.g4 Ne8 
10.Qd2 Kh7 11.h4 Na6 12.O-O-O Nc5 13.h5 g5 14.Nh3 Bf6 15.f3 a4 16.Nf2 b6 17.Nd3 
Bd7 18.Kb1 Be7 19.Ka1 Qb8 20.Rc1 Nf6 21.Nb4 Qb7 22.Nb5 Be8 23.Rc3 Nfd7 24.Kb1 
Nb8 25.Kc2 Nba6 26.Nxa6 Rxa6 27.Rb1 Ra8 28.Kc1 Bd7 29.Kd1 Rfd8 30.Ra1 c6 
31.dxc6 Bxc6 32.Ke1 Ne6 33.Rd3 Qb8 34.Rd1 Bxb5 35.cxb5 Nf4 36.Rc3 Rc8 37.Rdc1 
Rxc3 38.Qxc3 Qd8 39.Qc6 Ng2+ 40.Kf2 Nxe3 41.Kxe3 d5 42.exd5 Bc5+ 43.Rxc5 bxc5 
44.Bd3+ Kg7 45.d6 Rc8 46.Qd5 Qf6 47.Bf5 Rd8 48.d7 e4 49.Qxc5 exf3 50.Qc3 Qxc3+ 
51.bxc3 Kf6 52.c4 Ke5 53.c5 Kd5 54.c6 Kd6 55.Kxf3 Kc7 56.Ke4 Rb8 57.Ke5 Rxb5+ 
58.Kf6 Rb2 59.Ke7 Re2+ 60.Kxf7 Kd8 61.Be6 a3 62.Bc4 Re4 63.Be6 Re2 64.Bd5 Re5 
65.Bb3 Re4 66.Be6 Re2 67.Kf6 Re3 68.Bd5 Re2 69.Kg6 Re5 70.Bb3 Re4 71.Kxh6 Rxg4 
72.Kg6 Rg1 73.h6 g4 74.h7 Rh1 75.Kg7 g3 76.Bd5 Rh5 77.h8=Q+ 1-0

[Event "Macieja Memorial"]
[Site "Warsaw POL"]
[Date "2022.07.08"]
[Round "11.36"]
[White "Lee, Hyuk"]
[Black "Khamidov, Komil"]
[Result "1-0"]
[WhiteElo "1683"]
[BlackElo "1932"]
[EventDate "????.??.??"]
[PlyCount "77"]

1.e4 e5 2.Nf3 Nc6 3.Bc4 Nf6 4.d4 exd4 5.e5 d5 6.Bb5 Ne4 7.Nxd4 Bd7 8.Bxc6 bxc6 
9.Be3 Bc5 10.O-O Bb6 11.f3 Ng5 12.f4 Ne4 13.Nd2 c5 14.N4f3 Nxd2 15.Qxd2 Bc6 
16.f5 Qd7 17.Ng5 h6 18.e6 fxe6 19.fxe6 Qe7 20.Rf7 Qd6 21.Bf4 Qd8 22.Nf3 Rf8 
23.Rxg7 c4+ 24.Kh1 Qf6 25.Be5 Qf5 26.Bxc7 Rf6 27.Bxb6 axb6 28.Rg8+ Rf8 29.Rxf8+ 
Kxf8 30.Qxh6+ Ke7 31.Qg7+ Kd6 32.Re1 d4 33.Qxd4+ Kc7 34.Ne5 Rf8 35.Rg1 Be4 
36.Qd7+ Kb8 37.Nc6+ Bxc6 38.Qxc6 Re8 39.Qxe8+ 1-0